Piłkarze Reprezentacji Gambii - nagła śmierć - Statystyki

Ogólne statystyki
  • Ten quiz został rozwiązany 6 razy
  • Średni wynik to 4 z 8
Answers on the Grid
Answers color-coded by a green-red scale on the quiz's grid according to % correct below.
Salif Sané
Musa Barrow
Saidy Janko
Moses Simon
Omar Colley
Ablie Jallow
Dango Ouattara
Yankuba Minteh
Alieu Fadera
Serhou Guirassy
Ali Sowe
Mamin Sanyang
 
Statystyki odpowiedzi
Odpowiedź % Poprawnych
Ablie Jallow
83%
Musa Barrow
83%
Omar Colley
83%
Yankuba Minteh
83%
Mamin Sanyang
50%
Alieu Fadera
17%
Ali Sowe
17%
Saidy Janko
17%
Nie znaleziono quizów pasujących do podanych kryteriów
Rozkład punktacji
Procent ludzi z każdym wynikiem
Percentyl według liczby udzielonych odpowiedzi
Twoja historia wyników
Nie rozwiązałeś tego quizu